000 00281nam a2200109Ia 4500
008 230524s9999 xx 000 0 und d
100 _aRabindranath Tagore
_936645
245 0 _aThree Woman
500 _aQuantity Number: 1
650 _aPersonality Development
_936646
942 _cBK
999 _c50681
_d50681